Intersections : the elements of fiction in science fiction /

Bibliographic Details
Other Authors: Wymer, Thomas L.
Format: Book
Language:English
Published: Bowling Green, Ohio : Popular Press, [1978]
Subjects:

MARC

Tag First Indicator Second Indicator Subfields
LEADER 00000cam a2200000 i 4500
001 in00000326613
005 20151010161801.0
008 781017s1978 ohu b 00010 eng d
010 |a  78061580  
020 |a 0879720964 
035 |a (OCoLC)04299124 
035 |9 ABJ5828AM 
040 |a YSM  |c YSM  |d TXA  |d UtOrBLW 
049 |a TXAM  |c [1614285] 
090 |a PN3377.5.S3  |b I58 
245 0 0 |a Intersections :  |b the elements of fiction in science fiction /  |c by Thomas L. Wymer [and others]. 
264 1 |a Bowling Green, Ohio :  |b Popular Press,  |c [1978] 
264 4 |c ©1978 
300 |a viii, 130 pages ;  |c 22 cm. 
336 |a text  |b txt  |2 rdacontent 
337 |a unmediated  |b n  |2 rdamedia 
338 |a volume  |b nc  |2 rdacarrier 
504 |a Bibliography: pages [123]-130. 
650 0 |a Science fiction  |x Technique. 
700 1 |a Wymer, Thomas L. 
999 |a MARS 
999 f f |s f435a20e-1840-3027-b389-7e6fd33469aa  |i e96784ab-bc89-3c05-b53a-47ffe762b20b  |t 0 
952 f f |p ric  |a Texas A&M University  |b Rellis Campus  |c Joint Library Facility  |d Remote Storage  |t 0  |e PN3377.5.S3 I58  |h Library of Congress classification  |i unmediated -- volume  |m A14803715203 
998 f f |a PN3377.5.S3 I58  |t 0  |l Remote Storage